Grand Slams ganados por país - Estadísticas

Estadísticas generales
  • Esta prueba ha sido intentada 61 veces
  • La puntuación promedio es 35 de 43
Estadísticas de respuestas
Hint Respuesta % Correcto
40 España
100%
7 España
100%
52 Estados Unidos
100%
90 Estados Unidos
100%
24 Serbia
98%
10 Yugoslavia / Serbia
98%
6 Argentina
96%
1 Argentina
96%
3 Reino Unido
96%
6 Reino Unido
96%
5 Rusia
96%
8 Rusia
96%
23 Suiza
96%
5 Suiza
96%
7 Alemania
94%
25 Alemania
94%
1 Francia
94%
5 Francia
94%
20 Australia
92%
24 Australia
92%
6 Italia
92%
2 Italia
92%
25 Suecia
92%
1 Canadá
90%
4 Japón
88%
2 China
86%
3 Brasil
78%
11 Bélgica
76%
2 Croacia
76%
1 Croacia
76%
1 Países Bajos
76%
12 República Checa
71%
10 República Checa
71%
2 Austria
69%
6 Polonia
67%
2 Rumania
65%
3 Rumania
65%
1 Dinamarca
63%
1 Sudáfrica
37%
2 (6) Bielorrusia
35%
1 Letonia
35%
1 Ecuador
31%
2 Kazajistán
20%
No se encontraron pruebas coincidentes
Distribución de puntuación
Porcentaje de gente con cada puntuación
Porcentaje por número respondido
Historial de tus puntuaciones
No has intentado esta prueba.